=LDR 00000nam 2200000 4500 =001 INLIS000000000018227 =005 20130612113417 =008 ***********************************Ind** =035 ##$$0010-061300000018227 =041 ##$$a Ind =082 ##$$a 633.8 =090 ##$$a 633.8, Mul p =100 ##$$a Mulyanto, Joko =245 ##$$a Pembibitan dan budidaya melinjo, Joko Mulyanto =260 ##$$a 1995 $b Yogyakarta =300 ##$$a 50 hlm, ilus, 21 cm =650 ##$$a Melinjo-Budidaya =850 ##$$a NBPNMAT